| 000 | 00572nam a22001937a 4500 | ||
|---|---|---|---|
| 005 | 20171101125214.0 | ||
| 010 | _aENG-121033 | ||
| 020 |
_c500.00 _a9789385559099 |
||
| 035 | _aEN-104565 | ||
| 037 | _bDBAD/PUB | ||
| 082 | _a620 | ||
| 245 |
_aPrabandh'17 / _cedited by Prathibha S. Nair |
||
| 260 |
_aKerala _bAshalatha Thampuran _c2017 |
||
| 270 |
_aAnad, Nedumangadu, Thiruvananthapuram _bKerala _e695544 |
||
| 300 |
_aVarious pagings: _c29cm(pbk) _bill. |
||
| 500 | _aIncludes index | ||
| 700 | _a Nair,Prathibha S. | ||
| 942 |
_2ddc _cEN _h620 _mPRA |
||
| 999 |
_c146782 _d146782 |
||